| 000 | 01646nam a22003615a 4500 | ||
|---|---|---|---|
| 003 | OSt | ||
| 005 | 20201124142041.0 | ||
| 008 | 170517s2013 ua fr 000 00 ara d | ||
| 015 | _a2008 / 20227 | ||
| 020 | _a9774274210 | ||
| 040 |
_aEG-ScBUE _bara _cEG-ScBUE _dEG-ScBUE |
||
| 041 | 1 |
_aara _heng |
|
| 082 | 0 | 4 |
_a001.4 _bد ا ي _222 |
| 100 | 1 |
_aداي، روبرت أ.، _d1924- |
|
| 240 | 1 | 0 |
_aHow to write and publish a scientific paper. _lArabic. |
| 245 | 1 | 0 |
_aكيف تكتب بحثا علميا وتنشره / _cتأليف روبرت أ. داي، باربرا جاستيل ؛ ترجمة محمد إبراهيم حسن، أمجد عبد الهادي الجوهري، خالد عبد الفتاح محمد ؛ مراجعة وتقديم محمد فتحي عبد الهادي. |
| 250 | _aط. 2. | ||
| 260 |
_aالقاهرة : _bالدار المصرية اللبنانية، _c2013. |
||
| 300 |
_a333 ص. ؛ _c24 سم. |
||
| 500 | _aيشتمل على قائمه مصطلحات. | ||
| 504 | _aيشتمل على إرجاعات ببليوجرافية. | ||
| 546 | _aالنص باللغة العربية ؛ مترجم من اللغة الإنجليزية. | ||
| 650 | 7 |
_2BUEsh _aالبحث. |
|
| 650 | 7 |
_2BUEsh _aالكتابة العلمية. |
|
| 651 | _2BUEsh | ||
| 653 |
_bGGEN _cMay2017 |
||
| 700 | 1 | _aجاستيل، باربرا، | |
| 700 | 1 |
_aحسن، محمد إبراهيم، _eمترجم. |
|
| 700 | 1 |
_aالجوهري، أمجد عبد الهادي، _eمترجم. |
|
| 700 | 1 |
_aمحمد، خالد عبد الفتاح، _eمترجم. |
|
| 700 | 1 |
_aعبد الهادي، محمد فتحي، _eمراجع. |
|
| 942 | _2ddc | ||
| 999 |
_c24872 _d24844 |
||